000 006350000a22001810004500
090 _aSERIADAS
100 1 _aMonroy López, Mario
_9100740
700 1 _aSolano, Oscar D.
_9100307
245 1 0 _aOphiothrix synoecina (Echinodermata: Ophiuroidea: Ophiotrichidae)
_sespecie endémica y vulnerable del Caribe colombiano
044 _aColombia
041 0 _aEspañol
690 _aEspecies vulnerables
_921076
690 _aInvertebrados marinos
_9100741
690 _aEspecies endémicas
_992935
651 4 _pColombia
_lCaribe
_992749
942 _cARTICULO
773 1 _tBoletín de Investigaciones Marinas y Costeras
_h1
_q191-196
_d2008
_g37
999 _c16396
_d16396